000 00597nam a2200205Ia 4500
005 20250508164734.0
008 008 250505s9999 xx 000 0 eng d
037 _aReference
040 _aFEDL
_beng
_cFEDL
041 _aeng
_2eng
084 _a370.9, COW/RR
_qFEDL
100 _aCowen Robert Ed.
_9598196
245 0 _aInternational handbook of comparative education. 2 Parts
260 _aDordrecht
_bSpringer
_c2009
365 _aEURO
_b399
490 _vPart 1
700 _a Kazamias Andreas M Ed.
_9779032
942 _cREF
_h370.9, COW/RR
999 _c1390842
_d1390842